Liedtext - Ozean - Annenmaykantereit - Statistics

General Stats
  • This quiz has been taken 41 times
  • The average score is 150 of 194
Answer Stats
Answer % Correct
Ich
100%
ich
100%
will
100%
ein
95%
mir
95%
und
95%
Meer
91%
meine
91%
Ozean
91%
meiner
86%
zwischen
86%
mich
82%
Vergangenheit
82%
was
82%
allem
77%
der
77%
einen
77%
hab
77%
so
77%
war
77%
kann
68%
sie
68%
Sie
68%
wie
68%
wir
68%
aber
64%
die
64%
im
64%
mehr
64%
bis
59%
brauch
59%
hat
59%
holt
59%
immer
59%
nicht
59%
noch
59%
tut
59%
weh
59%
wieder
59%
wo
59%
abgehängt
55%
gedacht
55%
sein
55%
Von
55%
anders
50%
heute
50%
oft
50%
sind
50%
traurig
50%
Vielleicht
50%
vielleicht
50%
alleine
45%
anfangen
45%
drüber
45%
Freunde
45%
hin
45%
irgendwo
45%
Irgendwo
45%
liebe
45%
miteinander
45%
muss
45%
ohne
45%
reden
45%
scheint
45%
Sonne
45%
trotzdem
45%
vorne
45%
Winter
45%
abgelenkt
41%
begegnen
41%
ganzen
41%
irgendwann
41%
möglichst
41%
nochmal
41%
Scheisse
41%
schnell
41%
Zeit
41%
verzeihen
32%
lerne
23%
No matching quizzes found
Score Distribution
Percent of People with Each Score
Percentile by Number Answered
Your Score History
You have not taken this quiz